000 00753nam a2200289Ia 4500
001 84247
003 IT-RoPAU
008 130308s9999 xx 000 0 und d
040 _aIT-RoPAU
040 _cIT-RoPAU
041 _aITALIANO
100 _aJessua Alain
100 _gCodice Aut. SPICS: 29225
245 _aUn rinnovamento costante
245 _bPer una Nuova Critica-I Convegni Pesaresi 1965-1967
250 _a1a ed.
260 _aVENEZIA
260 _bMarsilio
260 _c1989 [1° Ed.:1989 - Ed.Ling.Originale:1965]
300 _a"3 p. (prefazione: no ; testo: 3 [pagine: 183-185])"
650 _aSAGGI SUL CINEMA
650 _eCodice materia Spics: 6811
942 _cBK
957 _71
999 _c55978
_d55978
999 _bSI
999 _g1